000 00846 a2200205 4500
001 53136
005 20260407155805.0
008 260407a1975 arg spa d
003 AR-UNSa-BCEJYS
040 _aAR-UNSa-BCEJYS
_bspa
_cAR-UNSa-BCEJYS
080 _a331.5
_xMercado de Trabajo. Empleo
245 1 0 _aTécnicas de planificación del empleo y mercado de trabajo en latinoamerica
264 1 _aBuenos Aires :
_bEl Coloquio
_c1975
300 _a177 p.
_c21 cm.
505 _aI. Técnicas de planificación del empleo - 1. El equilibrio cuantitativo - 2. El equilibrio de las calificaciones - 3. El equilibrio espacial - 4. La contabilidad social en tiempo de trabajo - II. La evolución del mercado de trabajo
942 _cBK
590 _aniveau_biblio:m niveau_hierar:0
100 1 _aFreyssinet, Jacques
700 1 _aNeffa, Julio César
999 _c5115
_d5115